Trump strategies for real estate : (Record no. 9413)

MARC details
000 -LEADER
fixed length control field 00818nam a22002412 4500
001 - CONTROL NUMBER
control field 0000020610
005 - DATE AND TIME OF LATEST TRANSACTION
control field 20151217152218.0
008 - FIXED-LENGTH DATA ELEMENTS--GENERAL INFORMATION
fixed length control field 110927s xx 000 0 eng d
020 ## - INTERNATIONAL STANDARD BOOK NUMBER
International Standard Book Number 0471718351 :
040 ## - CATALOGING SOURCE
Original cataloging agency KABU
Transcribing agency KABU
100 1# - MAIN ENTRY--PERSONAL NAME
Personal name Ross, George H.
-- 0000180986
245 10 - TITLE STATEMENT
Title Trump strategies for real estate :
Remainder of title billionaire lessons for the small investor /
Statement of responsibility, etc. George H. Ross with Andrew James McLean.
250 ## - EDITION STATEMENT
Edition statement 1st ed.
260 ## - PUBLICATION, DISTRIBUTION, ETC. (IMPRINT)
Place of publication, distribution, etc. Hoboken, NJ. :
Name of publisher, distributor, etc. J. Wiley,
Date of publication, distribution, etc. 2005.
300 ## - PHYSICAL DESCRIPTION
Extent xxiii, 232 p.
600 10 - SUBJECT ADDED ENTRY--PERSONAL NAME
Personal name Trump, Donald 1946-.
-- 0000180987
650 #0 - SUBJECT ADDED ENTRY--TOPICAL TERM
Topical term or geographic name as entry element Real estate investment.
-- 0000180988
650 #0 - SUBJECT ADDED ENTRY--TOPICAL TERM
Topical term or geographic name as entry element Real estate development.
-- 0000157809
700 1# - ADDED ENTRY--PERSONAL NAME
Personal name McLean, Andrew James.
-- 0000180989
852 1# - LOCATION
-- p2170 KES
908 ## - PUT COMMAND PARAMETER (RLIN)
Put command parameter 110927
950 ## - LOCAL HOLDINGS (RLIN)
-- 1
Holdings
Withdrawn status Lost status Source of classification or shelving scheme Not for loan Home library Current library Date acquired Total Checkouts Full call number Barcode Date last seen Date last checked out Price effective from Koha item type
    Library of Congress Classification   Kabarak, Main Campus Kabarak, Main Campus 17/12/2015 2 HD1382 .R67 2005 c. 1 19187 02/08/2024 12/10/2017 17/12/2015 General Collection
Designed with assistance from East African Informatics Ltd